00740nam a22002537a 45000010005000000030006000050050017000110080041000280200018000690400029000870500011001160820009001271000023001362450052001592600052002113000049002634900032003125050008003445210030003525210020003826500027004026500025004297000032004547481FISKH20250718153020.0250718b cb ||||| |||| 00| 0 eng d a9780328018147 aFISKHbengcFISKHdFISKH aPE1119 a420  aAfflerbach, Peter  aReading : bSuprise me ! / cBy Scott Foresman  aNew York : bPearson Education, Inc . , c2002. a208 pages : bcolor illustrations ;c29 cm . aScott Foresman Readingv1.6 aM 8 a530 bLexile estimate 8 aM bRaz-Plus  aReferencevNon-fiction aReadingvNon-fiction aBeers, James eIllustrator